000
00219 a2200097 4500
001
28400
100
_a
Hummel, J A
245
_a
Introduction to vector function
260
_a
_b
Addison Wesley
_c
090
_c
19006
_d
19006
942
_a
NUST-CAE
_c
M
_c
10010
999
_c
263473
_d
263473